| 000 | 00515nam a2200193 a 4500 | ||
|---|---|---|---|
| 001 | 1718 | ||
| 003 | CDMR | ||
| 005 | 20131121172152.0 | ||
| 008 | 130130s1980||||||||||||||||||||||||||||d | ||
| 040 |
_aCDMR _bcat _cCDMR |
||
| 100 | 1 |
_aCasetti, Francesco _91280 |
|
| 245 | 1 | 0 |
_aIntroducción a la semiótica _cFrancesco Casetti |
| 260 |
_aBarcelonna _c1980 _bFontanella |
||
| 300 |
_a370 p ; _c19 cm |
||
| 490 | 0 |
_aSignos _v1 |
|
| 650 | 0 | 4 |
_aSemiòtica _91282 |
| 700 | 1 |
_aVilches, Lorenzo _eadapt. _91283 |
|
| 942 |
_cMON _2udc |
||
| 999 |
_c1718 _d1718 |
||